Campeões Brasileiros de Futebol - Statistics

Estatísticas Gerais
  • Esse quiz foi jogado 1 809 vezes
  • A pontuação média é 58 de 60
Estatísticas das Respostas
Hint Resposta % Correto
1990 Corinthians
99%
1998 Corinthians
99%
1999 Corinthians
99%
2005 Corinthians
99%
2011 Corinthians
99%
2015 Corinthians
99%
1980 Flamengo
99%
1982 Flamengo
99%
1983 Flamengo
99%
1992 Flamengo
99%
2009 Flamengo
99%
1960 Palmeiras
99%
1967 Palmeiras
99%
1967 Palmeiras
99%
1969 Palmeiras
99%
1972 Palmeiras
99%
1973 Palmeiras
99%
1993 Palmeiras
99%
1994 Palmeiras
99%
2016 Palmeiras
99%
1961 Santos
99%
1962 Santos
99%
1963 Santos
99%
1964 Santos
99%
1965 Santos
99%
1968 Santos
99%
2002 Santos
99%
2004 Santos
99%
1977 São Paulo
99%
1986 São Paulo
99%
1991 São Paulo
99%
2006 São Paulo
99%
2007 São Paulo
99%
2008 São Paulo
99%
1970 Fluminense
98%
1984 Fluminense
98%
2010 Fluminense
98%
2012 Fluminense
98%
1966 Cruzeiro
97%
2003 Cruzeiro
97%
2013 Cruzeiro
97%
2014 Cruzeiro
97%
1974 Vasco da Gama
97%
1989 Vasco da Gama
97%
1997 Vasco da Gama
97%
2000 Vasco da Gama
97%
1981 Grêmio
96%
1996 Grêmio
96%
1975 Internacional
96%
1976 Internacional
96%
1979 Internacional
96%
1968 Botafogo
95%
1995 Botafogo
95%
1971 Atlético Mineiro
94%
1959 Bahia
93%
1988 Bahia
93%
1987 Sport
90%
2001 Atlético Paranaense
79%
1985 Coritiba
78%
1978 Guarani
78%
Nenhum quiz correspondente encontrado
Distribuição das Pontuações
Porcentagem de Pessoas com Cada Pontuação
Percentil de Números Respondidos
Sua Pontuação Histórica
Você não jogou esse quiz